000 00973nam a22002537a 4500
001 47809
003 BD-RjUL
005 20211209054411.0
008 160810s1993 ii ||||| |||| 00| 0 ben d
020 _a8185471193
_c: IRs 70.00
035 _a(BD-RjUL)47928
040 _aBD-RjUL
_bben
_cBD-RjUL
041 _aben
082 _223
_a891.44092
_bJAG 1993
245 0 0 _aজগদীশ গুপ্ত :
_bজীবন ও সাহিত্য /
260 _aকলিকাতা :
_bপুস্তক বিপণি,
_c১৯৯৩
300 _a[১২], ২৫৯ পৃ. :
_bচিত্র ;
_c২১ সেমি.
600 _aগুপ্ত, জগদীশ,
_xজীবনী
_9145172
600 _aGupta, Jagadish,
_xBiography
_9145173
650 _aবাংলা সাহিত্য
_9145160
650 _aBengali Literature
_9145161
700 _aমজুমদার, সমরেশ, সম্পাদক
_9145162
942 _2ddc
_cBK
999 _c47809
_d47809